Statistics for Mario Kart Characters (8 Deluxe)

Click here to take the quiz!

General Stats

  • This quiz has been taken 11 times
  • The average score is 31 of 42

Answer Stats

Answer% Correct
Baby Luigi
100%
Baby Mario
100%
Bowser
100%
Donkey Kong
100%
Link
100%
Luigi
100%
Mario
100%
Peach
100%
Shy Guy
100%
Toad
100%
Toadette
100%
Waluigi
100%
Wario
100%
Yoshi
100%
Baby Daisy
91%
Baby Peach
91%
Daisy
91%
Gold Mario
91%
Baby Rosalina
82%
Bowser Jr.
82%
Dry Bones
82%
Dry Bowser
82%
King Boo
82%
Rosalina
82%
Lakitu
73%
Mii
73%
Cat Peach
64%
Larry
64%
Ludwig
64%
Inkling Boy
55%
Inkling Girl
55%
Koopa Troopa
55%
Roy
45%
Tanooki Mario
45%
Isabelle
36%
Lemmy
36%
Morton
36%
Wendy
36%
Iggy
27%
Pink Gold Peach
27%
Villager female
9%
Villager male
9%

Score Distribution

Percentile by Number Answered

Percent of People with Each Score

Your Score History

You have not taken this quiz